000 00427nam a2200145 4500
001 118438
003 ES-MaACL
005 20230906191111.0
007 t|
008 070214s1915 sp r ||||1| spa d
100 1 _aPérez Agudo, Eduardo.
_990625
245 1 3 _aLa situación geográfica y la guerra /
_cEduardo Pérez Agudo.
260 _aBarcelona :
_b[s.n.],
_c1915 (
_fJoaquín Horta, imp.)
852 _aES-MaACL
_jT-1470-F-4
999 _c118438
_d118438